000
00216 a2200097 4500
001
13688
100
_a
Napoleon
245
_a
The mind of Napoleon
260
_a
New York
_b
Columbia University
_c
090
_c
10682
_d
10682
942
_a
NUST-CAE
_c
M
_c
761
999
_c
248761
_d
248761